Quizzes
Events
Quiz Creation
Community
Videos
Private Events
Remove Ads
Sign In
Join for FREE
Feedback
Dark Mode
Quiz Categories
Sports
Geography
Music
Movies
Television
Just For Fun
Miscellaneous
History
Literature
Language
Science
Gaming
Entertainment
Religion
Holiday
For Kids
Quiz Lab
Recent
Popular Today
Quiz Kudos Today
Editor Picks
Curator Picks
Quizzes by...
Day
Popularity
Type
Ratings
Length
Year
Community
Subscriptions
Recent Discussions
Orange Saloon
Badges
Playlists
Quests
Create
Leaderboards
Showdown
Live 5
Trivia Bingo
Activity
Puzzle Library
Sporcle Events
Private Events
Virtual Trivia
Globe League
Become a Host
Pub Owners
SporcleCon
Opinionation
Our Games
Videos
Blog
Mobile Apps
Partnerships
Remove Ads and Go Orange
Feedback
History
US Presidents
World Leaders
Politics
Nation
Discovery
War
Decade
Year
Century
Biography
Art
History
US Presidents
World Leaders
Politics
Nation
Discovery
War
Decade
Year
Century
Biography
Art
Random Quiz
Search Sporcle
×
Quiz Lab
Quiz Lab
History
Clickable
Select answers by clicking on text or image buttons
Select answers by clicking on text or image buttons
Clickable
Best Score? Go Orange.
Equal Protection Cases Stats
Can you pick the Equal Protection & Affirmative Action Cases?
By
lawstudentquiz
20m
27 Questions
11 Plays
11 Plays
11 Plays
Comments
Comments
Give Quiz Kudos
Give Quiz Kudos
-
- Ratings
hide this ad
Forced Order
Answers have to be entered in order
Answers have to be entered in order
Replay
Link that replays current quiz
Next Quiz
Link to next quiz in quiz playlist
You Got
0%
They Got
Avg Score
36%
Avg Friend Score
Upgrade to see
Score Distribution
Jump to the score distribution portion of the page
Score
0/27
Timer
20:00
0
Plays Today
% Correct
Hirabayashi v. United States
72.7%
De Jure Segregation
63.6%
De Facto Segregation
63.6%
Yick Wo v. Hopkins
63.6%
Hernandez v. Texas
63.6%
Loving v. Virginia
54.5%
Green v. County School Board
54.5%
New Orleans City Park Improvement Association v. Detiege
45.5%
U.S. v. Carolene Products
45.5%
Parents Involved in Cmty. Sch. v. Seattle Sch. Dist. No. 1
45.5%
Palmore v. Sidoti
45.5%
Johnson v. California
45.5%
Fong Yue Ting v. United States
45.5%
Washington v. Davis
45.5%
% Correct
Gomillion v. Lightfoot
36.4%
Johnson v. Virginia
27.3%
Stell v. Savannah-Chatham Bd. of Ed.
27.3%
Strauder v. West Virginia
27.3%
Rice v. Cayetano
27.3%
Chae Chan Ping v. United States
27.3%
United States v. Windsor
20%
Holmes v. Atlanta
18.2%
Mayor of Baltimore v. Dawson
9.1%
Palmer v. Thompson
9.1%
Gayle v. Browder
0%
Turner v. Memphis
0%
Jenkins v. Missouri
0%
Quiz Playlist
Details
Report
Send in Message
Add To Playlist
Clickable:
Select answers by clicking on text or image buttons
Forced Order:
Answers have to be entered in order
Last Updated: May 2, 2017
Quiz Scoreboard
CHALLENGE
Sign Up to Join the Scoreboard
Show All
Scores
Hide
Comments
May contain spoilers
Recently Published
Billboard Blitz: Fleetwood Mac
by CooCooCachoo
Music
15s
Presidents Visiting Landmarks
by Hejman
History
7m
An Introduction to Baseball
by treessimontrees
Sports
5m
More to Explore
Quiz From the Vault
Featured Blog Post
Where Did the Easter Bunny Come From?
hide this ad
You Might Also Like...
Tags
Clickable Quiz
Action
case
Equal
protection
Today's Top Quizzes in History
Browse History
hide this ad
Today's Top Quizzes in Clickable
Browse Clickable
Top Contributed Quizzes in History
1
Popular People in 1991
2
Popular People in 1981
3
Popular People in 1951
4
Popular People in 1941
5
Popular People in 1986
6
Popular People in 1976
7
Popular People in 1921
8
I Am Born On March 28th
9
5-to-1: 20th Century Images of War
10
Popular People in 1946
Explore More
Trending Topics
Marvel
NBA
Kpop
Crossword
Harry Potter
Disney
Anime
The Office
WWE
Pokémon
Country
Soccer
Puzzle
NFL
Song
hide this ad
More By:
lawstudentquiz
Quiz
Plays
Rating
Category
Featured
Created
Random Torts Knowledge
281
3.00
Entertainment
Jun 24, 2019
First Amendment
107
History
Jun 11, 2017
Practice Quiz for Con Law
74
4.00
History
Apr 30, 2017
Con Law Cases
57
4.00
Miscellaneous
Feb 1, 2017
Evidence Definitions
49
1.00
Miscellaneous
Oct 8, 2017
Go to Creator's Profile
Score Distribution
Quiz Creator Spotlight
lawstudentquiz
Follow
Send a Message
Quizzes Created
-
Created Quiz Play Count
-
More By This Creator
Popular Quizzes Today
1
Find the US States - No Outlines Minefield
2
Find the Countries of Europe - No Outlines Minefield
3
The Countries of the World
4
Find the US States
5
US States
6
Popular People in 1961
7
Risky Map Clicking: Biggest States A-Z
8
Movies - When Are They Set?
More History Quizzes
History on a Map: Asia (East, South, Southeast)
Editor's Pick
Trending Quizzes
Risky Map Clicking: Least Populous States A-Z
1-10 Letter G Words
1-10 Letter F Words
Risky Map Clicking: Next State Alphabetically
Risky Map Clicking: Biggest States A-Z
Recently Updated
Leaping Animals
pecheneg
Reality TV Shows (A-Z)
bhenderson79
Rickey Henderson's Hall of Fame Teammates
pecheneg
Champions League XIs: Arsenal
pecheneg
Quick Pick: Celebrities in WWE's Hall of Fame
aduchscher
A-Z Keypad Blitz II
pecheneg
Multiple Oscar Actors
pecheneg
Mystery Phrase Blitz: Oscar 'Best Actors'
pecheneg
F. Scott Fitzgerald Novels
LTH
Pick 3 Villains
ddd62291
Trending Topics
Kpop
NBA
Marvel
Crossword
Harry Potter
Anime
Disney
WWE
Puzzle
The Office
Song
Country
NFL
Soccer
Pokémon
Your Account Isn't Verified!
In order to create a playlist on Sporcle, you need to verify the email address you used during registration. Go to your
Sporcle Settings
to finish the process.
Report this User
Report this user for behavior that violates our
Community Guidelines
.
Details:
Send Report
Go to the Sporcle.com Mobile Site →
Comments